00623cam a22002051a 4500008004100000020002300041050001500064100002200079245009400101250001200195260003600207300004200243500002000285650002600305650003400331653002500365003000100390005001700391040000900408  a0070088586 (hbk. )00aQA37.2 BUD1 aBudnick, Frank S.10aApplied mathematics for business, economics, and the social sciences /cFrank S. Budnick. a2nd ed. aNew York :bMcGraw-Hill,c1983. axviii, 769, [66] p. :bill. ;c25 cm. aIncludes index. 0aBusiness mathematics. 0aSocial sciencesxMathematics. aApplied mathematics.20230123134349.0 cNUST